000 00347nam a2200133Ia 4500
008 240624s9999 xx 000 0 und d
041 _aeng
082 _a158 CRO
100 _aCROSS JOHN
245 _aEVERYDAY LEADER HOW TO MOTIVATE EMPOWER
260 _c2019
_aLondon
_bBLOOMSBURY PUBLISHING
300 _axi, 292 p.; 23 cm.
365 _cRS
_b25
999 _c31987
_d31987